| 000 | 01585nam a2200253Ia 4500 | ||
|---|---|---|---|
| 001 | 19369 | ||
| 003 | GE_BSU | ||
| 008 | 181216s||||||||xx |||||||||||||| ||und|| | ||
| 020 | _a9992846496 | ||
| 040 | _cGE_BSU | ||
| 080 | _a001.89/70 | ||
| 100 | _aკოსტავა არჩილ, | ||
| 245 | _aსისტემების განვითარების ძირითადი კანონები და პრობლემატიკა | ||
| 245 | _c[რედაქტ. ლეილა, კვიკვინია]. | ||
| 260 | _aქუთაისი | ||
| 260 | _bსაგამომცემლო ცენტრი ქუთაისი | ||
| 260 | _c2002 | ||
| 300 | _a304 გვ. 21სმ, ნახ. | ||
| 653 | _aმეცნიერება და ცოდნა. | ||
| 653 | _aსისტემების განვითარების ძირითადი კანონები და პრობლემატიკა | ||
| 653 | _aსისტემების ძირითადი კანონები. | ||
| 653 | _aწიგნი განკუთვნილია შემოქმედებითი პროცესებით დაინტერესებული საზოგადოებისათვის.ის სასარგებლო იქნება სხვადასხვა დარგის მეცნიერების,სპეციალისტებისა და სტუდენტებისათვის. | ||
| 942 | _cBK | ||
| 999 |
_c52351 _d52351 |
||